[Event "16th Asian Games Rapid"]
[Site "Guangzhou CHN"]
[Date "2010.11.15"]
[Round "5"]
[White "Kazhgaleyev, Murtas"]
[Black "So, Wesley"]
[Result "1/2-1/2"]
[WhiteTitle "GM"]
[BlackTitle "GM"]
[WhiteElo "2623"]
[BlackElo "2669"]
[WhiteFideId "13700316"]
[BlackFideId "5202213"]
[EventDate "2010.11.13"]

1. d4 Nf6 2. c4 g6 3. Nc3 d5 4. Bg5 Bg7 5. Bxf6 Bxf6 6. cxd5 c6 7. Rc1 O-O 8.
dxc6 Qxd4 9. Qxd4 Bxd4 10. cxb7 Bxb7 11. e3 Bf6 12. Nf3 Nd7 13. Bb5 Rfd8 14. O-O
Bxf3 15. gxf3 Rab8 16. Bxd7 Rxd7 17. Rc2 Rdb7 18. Rb1 Bxc3 19. Rxc3 1/2-1/2

[Event "16th Asian Games Rapid"]
[Site "Guangzhou CHN"]
[Date "2010.11.15"]
[Round "5"]
[White "Lee, Sanghoon"]
[Black "Al Qudaimi, Basheer"]
[Result "0-1"]
[WhiteTitle "CM"]
[BlackTitle "IM"]
[WhiteElo "2132"]
[BlackElo "2406"]
[WhiteFideId "13200011"]
[BlackFideId "9400346"]
[EventDate "2010.11.13"]

1. d4 Nf6 2. c4 e6 3. g3 Bb4+ 4. Bd2 Bxd2+ 5. Qxd2 O-O 6. Nf3 d6 7. Bg2 Nbd7 8.
Nc3 c6 9. O-O Qc7 10. Rac1 a6 11. b3 b6 12. e4 e5 13. Rfd1 Re8 14. dxe5 dxe5 15.
Qd6 Qb7 16. b4 Re6 17. Qd3 h6 18. Nh4 a5 19. Bh3 Re8 20. Bg2 Re6 21. Bh3 Re8 22.
Nf5 axb4 23. Nd6 Nc5 24. Qf1 Bxh3 25. Qxh3 Qe7 26. Nxe8 Qxe8 27. Nb1 Rxa2 28.
Nd2 Nfxe4 29. Nxe4 Nxe4 30. Qh4 Ng5 31. Qg4 Qe6 32. Qxe6 Nxe6 33. Rb1 c5 34. Rd6
Rc2 35. Re1 Rxc4 36. Rxb6 e4 37. h4 g5 38. h5 Kg7 39. Kg2 g4 40. Rb7 Ng5 41. Re2
Rc1 0-1

[Event "16th Asian Games Rapid"]
[Site "Guangzhou CHN"]
[Date "2010.11.15"]
[Round "5"]
[White "Megaranto, Susanto"]
[Black "Mohammad, Samir"]
[Result "1-0"]
[WhiteTitle "GM"]
[BlackTitle "FM"]
[WhiteElo "2528"]
[BlackElo "2361"]
[WhiteFideId "7101384"]
[BlackFideId "7600372"]
[EventDate "2010.11.13"]

1. d4 d5 2. Nf3 e6 3. c4 c6 4. cxd5 exd5 5. Nc3 Bd6 6. Bg5 Ne7 7. e3 O-O 8. Bd3
Be6 9. O-O f6 10. Bh4 Bf5 11. Rb1 a5 12. Bg3 Bxg3 13. hxg3 Re8 14. b4 Bxd3 15.
Qxd3 b6 16. b5 c5 17. dxc5 bxc5 18. Rfd1 Kh8 19. Nxd5 Ra7 20. Qc4 Rd7 21. Nc3
Qc8 22. Ne4 Red8 23. Rxd7 Qxd7 24. Nxc5 1-0

[Event "16th Asian Games Rapid"]
[Site "Guangzhou CHN"]
[Date "2010.11.15"]
[Round "5"]
[White "Mok, Tze-Meng"]
[Black "Al-Saffar, Araz Basim Mohammed S"]
[Result "1-0"]
[WhiteTitle "IM"]
[BlackTitle "IM"]
[WhiteElo "2394"]
[BlackElo "2349"]
[WhiteFideId "5700329"]
[BlackFideId "4801040"]
[EventDate "2010.11.13"]

1. e4 e5 2. Nf3 Nf6 3. Nxe5 d6 4. Nf3 Nxe4 5. d4 d5 6. Bd3 Nc6 7. O-O Be7 8. c4
Nb4 9. Be2 Nc6 10. Bd3 Nb4 11. Be2 O-O 12. Nc3 Bf5 13. a3 Nxc3 14. bxc3 Nc6 15.
Nd2 Na5 16. cxd5 Qxd5 17. Bf3 Qd7 18. Re1 c5 19. d5 Bf6 20. Ne4 Bxe4 21. Rxe4
Bxc3 22. Ra2 Rad8 23. Bg5 f6 24. Bf4 Qxd5 25. Qxd5+ Rxd5 26. Re3 Rfd8 27. Bxd5+
Rxd5 28. h3 Bd4 29. Re7 Be5 30. Bxe5 Rxe5 31. Rc7 c4 32. Rd2 Nc6 33. f4 Rc5 34.
Rd8+ Nxd8 35. Rxc5 Nc6 36. Rxc4 Kf7 37. Kf2 Ke6 38. Ke3 Kd6 39. Re4 Ne7 40. Kd4
b5 41. Re1 a5 42. Re2 Nc6+ 43. Kd3 Kc5 44. Re8 g6 45. Rf8 b4 46. axb4+ Nxb4+ 47.
Kd2 Nd5 48. g3 a4 49. Ra8 Kb4 50. Kd3 Kb3 51. Kd4 Ne7 52. Rb8+ Kc2 53. Ra8 Kb3
54. Rb8+ Kc2 55. Ra8 Kb3 56. g4 a3 57. Kc5 a2 58. Kd6 Ng8 59. Ke6 h5 60. gxh5
gxh5 61. Kf7 Nh6+ 62. Kxf6 Ng4+ 63. Kg5 Nf2 64. h4 Ne4+ 65. Kxh5 Nc5 66. Kg6 Ne6
67. h5 Nf8+ 68. Kg7 1-0

[Event "16th Asian Games Rapid"]
[Site "Guangzhou CHN"]
[Date "2010.11.15"]
[Round "5"]
[White "Mohamed, Hassan"]
[Black "Modallal, Tarek"]
[Result "1-0"]
[WhiteElo "1780"]
[BlackElo "2028"]
[WhiteFideId "16700058"]
[BlackFideId "5300630"]
[EventDate "2010.11.13"]

1. e4 d5 2. exd5 Nf6 3. Nf3 Bg4 4. Be2 Qxd5 5. Nc3 Qh5 6. O-O Nc6 7. d3 e5 8.
Be3 O-O-O 9. Nd2 Bb4 10. Bxg4+ Qxg4 11. Qxg4+ Nxg4 12. a3 Nxe3 13. fxe3 Bc5 14.
Kf2 a6 15. Ke2 Rhf8 16. Nde4 Be7 17. g4 h6 18. Rf3 f6 19. Ng3 Rfe8 20. Raf1 Bf8
21. Nge4 Re6 22. h4 Be7 23. h5 Bf8 24. Ng3 Nd4+ 25. exd4 exd4+ 26. Nce4 c5 27.
b3 b5 28. Kf2 Kb7 29. Nf5 c4 30. bxc4 bxc4 31. Rb1+ Ka7 32. a4 c3 33. Rh3 Rd7
34. Rhh1 Ba3 35. Rb3 Rxe4 36. dxe4 Bb2 37. Ke2 a5 38. Kd3 Rd8 39. Rb1 Rg8 40.
R3xb2 cxb2 41. Rxb2 g6 42. Nxh6 Rg7 43. Rb5 gxh5 44. gxh5 Ka6 45. Rf5 Rg3+ 46.
Kxd4 Ra3 47. Rxf6+ Ka7 48. e5 Rxa4+ 49. c4 Ra1 50. Nf5 a4 51. h6 a3 52. h7 Rd1+
53. Kc5 Rd8 54. Rh6 Rh8 55. Rh3 Kb7 56. Rxa3 Rxh7 57. Nd6+ Kb8 58. Kd5 1-0

[Event "16th Asian Games Rapid"]
[Site "Guangzhou CHN"]
[Date "2010.11.15"]
[Round "5"]
[White "Nguyen, Ngoc Truong Son"]
[Black "Al-Sayed, Mohammed"]
[Result "1-0"]
[WhiteTitle "GM"]
[BlackTitle "GM"]
[WhiteElo "2628"]
[BlackElo "2502"]
[WhiteFideId "12401110"]
[BlackFideId "12100196"]
[EventDate "2010.11.13"]

1. d4 d5 2. Bf4 c5 3. e3 Nc6 4. c3 Bf5 5. Qb3 Qd7 6. Nf3 e6 7. Nbd2 c4 8. Qd1
Bd6 9. Bg3 Bf8 10. Bf4 Bd6 11. Bg3 Nf6 12. Be2 h6 13. O-O O-O 14. Ne5 Qc7 15.
Nxc6 Bxg3 16. hxg3 Qxc6 17. g4 Bh7 18. Re1 b5 19. f4 Rab8 20. a3 a5 21. Bf3 Bd3
22. Be2 Bh7 23. Bf3 Bd3 24. Be2 b4 25. Bxd3 bxc3 26. Bc2 cxd2 27. Qxd2 Nxg4 28.
Qxa5 Rxb2 29. Qc3 Rfb8 30. a4 Qb6 31. a5 Qd8 32. g3 Qc7 33. Reb1 Rxb1+ 34. Rxb1
Rxb1+ 35. Bxb1 Qb7 36. Bc2 Nf6 37. Qa3 Qa6 38. Qb4 g6 39. Kf2 Kg7 40. Ke1 Ne4
41. Bxe4 dxe4 42. Kd2 c3+ 43. Qxc3 g5 44. d5+ Kg6 45. dxe6 Qxe6 46. Qc5 gxf4 47.
Qb6 1-0

[Event "16th Asian Games Rapid"]
[Site "Guangzhou CHN"]
[Date "2010.11.15"]
[Round "5"]
[White "Nepali, Badrilal"]
[Black "Tologontegin, Semetey"]
[Result "0-1"]
[BlackTitle "FM"]
[WhiteElo "2102"]
[BlackElo "2330"]
[WhiteFideId "12300020"]
[BlackFideId "13800574"]
[EventDate "2010.11.13"]

1. e4 c6 2. d4 d5 3. Nc3 dxe4 4. Nxe4 Bf5 5. Ng3 Bg6 6. h4 h6 7. Nf3 Nd7 8. h5
Bh7 9. Bd3 Bxd3 10. Qxd3 e6 11. Bd2 Ngf6 12. O-O-O Be7 13. Kb1 O-O 14. c4 b5 15.
cxb5 cxb5 16. Ne4 Nxe4 17. Qxe4 Nf6 18. Qe2 Qd5 19. Qe5 Rfd8 20. Be3 Qc4 21. b3
Qb4 22. Bd2 Qa3 23. Qxb5 a5 24. Bc1 Qd6 25. Ne5 Ne4 26. Bb2 Nxf2 27. Bc1 Ne4 28.
Bb2 Nf2 29. Qf1 Nxd1 30. Qxf7+ Kh8 31. Rxd1 Bf6 32. Ng4 Qf4 33. Nxf6 Qxf6 34.
Rf1 Qxf7 35. Rxf7 Rd5 36. g4 Rg5 37. Rf4 Kg8 38. Bc1 Rd5 39. Kb2 Rf8 40. Re4 Kf7
41. Bf4 Ke7 42. Be5 Rf2+ 43. Ka3 Kf7 44. Re3 Rg2 45. Rf3+ Kg8 46. Rf4 Rd8 47.
Rf3 Rd5 48. Rf4 Rd8 49. Re4 Rd5 50. Re3 Kf7 51. Rf3+ Kg8 52. Rf4 Rd8 53. Re4 Rc8
54. Bd6 Rcc2 55. Ka4 Rxa2+ 56. Kb5 Rac2 57. Ka4 Ra2+ 58. Kb5 Rab2 59. Rxe6 Rxb3+
60. Kc4 a4 61. Rg6 Rb6 62. Kc5 a3 63. Re6 a2 64. Re8+ Kh7 65. Ra8 Rb1 0-1

[Event "16th Asian Games Rapid"]
[Site "Guangzhou CHN"]
[Date "2010.11.15"]
[Round "5"]
[White "Shrestha, Bilam Lal"]
[Black "Murshed, Niaz"]
[Result "0-1"]
[BlackTitle "GM"]
[WhiteElo "2138"]
[BlackElo "2429"]
[WhiteFideId "12300047"]
[BlackFideId "10200010"]
[EventDate "2010.11.13"]

1. e4 e6 2. d4 d5 3. Nc3 Nf6 4. exd5 exd5 5. Bd3 Bg4 6. Nf3 Bc8 7. Ng1 Bg4 8.
Nf3 Be7 9. O-O O-O 10. Re1 Nbd7 11. h3 Bh5 12. Bf4 c6 13. g4 Bg6 14. Ne5 Bxd3
15. Nf3 Bg6 16. Ne5 Bd3 17. Qxd3 Bb4 18. f3 Nxe5 19. Bxe5 Nd7 20. Bg3 Nb6 21.
Re2 Bd6 22. Bxd6 Qxd6 23. Kg2 Rfe8 24. Rae1 Rxe2+ 25. Qxe2 Kf8 26. Qd3 Qg6 27.
Qxg6 hxg6 28. b3 Nc8 29. Na4 b6 30. Nb2 Nd6 31. c4 Rd8 32. Rd1 Nb7 33. Re1 Nd6
34. Rd1 Nb7 35. Kf2 Ke7 36. b4 Nd6 37. c5 Nc4 38. Nd3 f6 39. Re1+ Kf7 40. Nf4 g5
41. Nd3 b5 42. Kg3 Na3 43. Rc1 Re8 44. Kf2 Re7 45. Ne1 Nc4 46. Nc2 Nb2 47. Ne1
a6 48. Rc2 Nd1+ 49. Kf1 Ne3+ 50. Kf2 Nxc2 51. Nxc2 Ra7 52. Ke3 Ra8 53. Kf2 Ra7
54. Ke3 Ra8 55. Kf2 Ke6 56. Kg3 a5 57. h4 axb4 58. hxg5 fxg5 59. Nxb4 Kd7 60.
Nd3 Rxa2 61. Ne5+ Kc7 62. Nf7 b4 63. Nxg5 b3 0-1

[Event "16th Asian Games Rapid"]
[Site "Guangzhou CHN"]
[Date "2010.11.15"]
[Round "6"]
[White "Kakageldyev, Amanmurad"]
[Black "Hassan, Abdullah"]
[Result "0-1"]
[WhiteTitle "IM"]
[BlackTitle "IM"]
[WhiteElo "2400"]
[BlackElo "2398"]
[WhiteFideId "14000024"]
[BlackFideId "9300481"]
[EventDate "2010.11.13"]

1. d4 e6 2. c4 b6 3. Nc3 Bb7 4. Nf3 Bb4 5. Qc2 Nf6 6. Bg5 h6 7. Bh4 g5 8. Bg3
Ne4 9. e3 f5 10. Nd2 Nxd2 11. Qxd2 d6 12. f3 Nd7 13. a3 Bxc3 14. Qxc3 Qf6 15.
Be2 O-O-O 16. a4 f4 17. Bf2 fxe3 18. Bxe3 Rhe8 19. O-O c5 20. a5 d5 21. axb6
axb6 22. cxd5 exd5 23. Bb5 Bc6 24. Ba6+ Kc7 25. Bf2 Ra8 26. b4 Nb8 27. Bd3 Rxa1
28. Rxa1 c4 29. Bg3+ Kc8 30. Bf1 Bb7 31. b5 Nd7 32. Ra3 Qe6 33. Qa1 Kd8 34. h4
Qf6 35. hxg5 hxg5 36. Ra7 Bc8 37. Ra8 Ke7 38. Bf2 Kf8 39. Qa7 Qd6 40. Qa4 Kg7
41. Ra7 Rh8 42. Be3 g4 43. Qa3 Qh2+ 44. Kf2 g3+ 45. Ke1 Re8 46. Rxd7+ Bxd7 47.
Kd2 Qh5 48. Qd6 Qf5 49. Qxg3+ Kf7 50. Bh6 c3+ 51. Kc1 Qf6 52. Bg5 Qxd4 53. Qc7
Re1+ 54. Kc2 Qd1+ 55. Kxc3 Qc1+ 56. Bxc1 Rxc1+ 57. Kd4 Rxc7 58. Kxd5 Rc5+ 59.
Kd4 Bxb5 0-1

[Event "16th Asian Games Rapid"]
[Site "Guangzhou CHN"]
[Date "2010.11.15"]
[Round "6"]
[White "Antonio, Rogelio Jr"]
[Black "Al-Zendani, Zendan"]
[Result "1-0"]
[WhiteTitle "GM"]
[BlackTitle "IM"]
[WhiteElo "2573"]
[BlackElo "2398"]
[WhiteFideId "5200032"]
[BlackFideId "9400249"]
[EventDate "2010.11.13"]

1. e4 c5 2. Nf3 d6 3. c3 Nf6 4. Be2 g6 5. O-O Bg7 6. Bb5+ Bd7 7. Bxd7+ Qxd7 8.
Qe2 Nc6 9. d4 cxd4 10. cxd4 O-O 11. d5 Nb4 12. Nc3 Nc6 13. Nb1 Nb4 14. Nc3 Rfc8
15. h3 Qc7 16. Be3 Qc4 17. Qxc4 Rxc4 18. Nd2 Rcc8 19. Rac1 Nd3 20. Rb1 b6 21.
Nb5 Nd7 22. b3 Rc2 23. a4 Ra2 24. Nc4 N7c5 25. Rfd1 Ne5 26. Rd2 Rxd2 27. Nxd2 f5
28. exf5 gxf5 29. Nd4 Rf8 30. f4 Ned3 31. Nc6 Rf7 32. Nc4 e6 33. b4 exd5 34.
Nxd6 Rc7 35. bxc5 Rf7 36. Nc4 Rc7 37. Nd6 Rxc6 38. Nxf5 Bf8 39. cxb6 axb6 40.
Rxb6 Rc4 41. Rb8 Rxa4 42. g3 Rb4 43. Rd8 Rb5 44. Ne7+ Kf7 45. Nxd5 Rb3 46. Kf1
Bc5 47. Ke2 Bxe3 48. Nxe3 Nc5 49. Kf3 h5 50. Rd4 Ne6 51. Rc4 Kf6 52. h4 Ra3 53.
f5 Ng7 54. Kf4 Rb3 55. Nd5+ Kf7 56. Rc7+ Kf8 57. Ra7 Rb5 58. Ne7 Rb4+ 59. Kg5
Rg4+ 60. Kh6 Ne8 61. Ng6+ Kg8 62. Ra8 Re4 63. Kxh5 Kg7 64. Kg5 1-0

[Event "16th Asian Games Rapid"]
[Site "Guangzhou CHN"]
[Date "2010.11.15"]
[Round "6"]
[White "Yamada, Kohei"]
[Black "Lee, Sanghoon"]
[Result "0-1"]
[BlackTitle "CM"]
[WhiteElo "2091"]
[BlackElo "2132"]
[WhiteFideId "7000936"]
[BlackFideId "13200011"]
[EventDate "2010.11.13"]

1. e4 c5 2. Nf3 Nc6 3. d4 cxd4 4. Nxd4 g6 5. c4 Nf6 6. Nc3 Nxd4 7. Qxd4 d6 8.
Be2 Bg7 9. O-O O-O 10. Qd3 Be6 11. Rb1 Rc8 12. b3 a6 13. Bb2 Qa5 14. Bc1 Qd8 15.
Bb2 Qa5 16. Bf3 Nd7 17. Nd5 Bxd5 18. exd5 Bxb2 19. Rxb2 Ne5 20. Qe2 f5 21. Qe3
f4 22. Qe4 b5 23. Rc2 bxc4 24. bxc4 Rc5 25. h4 Qa3 26. Bg4 Kg7 27. Bf3 Kg8 28.
Bg4 Kg7 29. Be6 f3 30. g3 Rb8 31. Rfc1 Rb2 32. Rc3 Qxa2 33. Rxf3 Rb3 34. Rf4 Qd2
35. Qc2 Qxc2 36. Rxc2 Rb4 37. Re2 Rbxc4 38. Rxc4 Nxc4 39. f4 a5 40. Bd7 Kf7 41.
Bc6 Nb6 42. Rd2 Kf6 43. Kf2 e6 44. Bb7 Nxd5 45. Ra2 Nb4 46. Ra4 d5 47. Ke3 e5
48. fxe5+ Kxe5 49. Kd2 d4 50. Bf3 Rc2+ 51. Kd1 Ra2 0-1

[Event "16th Asian Games Rapid"]
[Site "Guangzhou CHN"]
[Date "2010.11.15"]
[Round "6"]
[White "Abdul Rahman Ali"]
[Black "Lee, Kiyul"]
[Result "0-1"]
[WhiteElo "1936"]
[BlackElo "1945"]
[WhiteFideId "16700066"]
[BlackFideId "13200054"]
[EventDate "2010.11.13"]

1. d4 d5 2. f4 e6 3. Nf3 c5 4. c3 Nc6 5. e3 Bd6 6. Bd3 f5 7. O-O Nf6 8. Nbd2 O-O
9. Ne5 Bxe5 10. fxe5 Ne4 11. Qe2 b6 12. Bxe4 fxe4 13. b3 a5 14. Ba3 Rxf1+ 15.
Rxf1 Qc7 16. Qg4 Ne7 17. Qf4 Ng6 18. Qg5 a4 19. Nb1 axb3 20. axb3 Ba6 21. Re1
Bd3 22. Bb2 Ra2 23. Qg4 Qd7 24. dxc5 bxc5 25. Ba3 Bxb1 26. Bxc5 Bd3 27. Bd6 Qf7
28. Qg3 h6 29. h3 Ne7 30. Rc1 Nf5 31. Qf4 g5 32. Qg4 Nxe3 33. Qg3 Rxg2+ 34. Qxg2
Nxg2 35. Kxg2 Qf3+ 36. Kg1 Qf7 37. Kg2 Qf3+ 0-1

[Event "16th Asian Games Rapid"]
[Site "Guangzhou CHN"]
[Date "2010.11.15"]
[Round "6"]
[White "Murshed, Niaz"]
[Black "Megaranto, Susanto"]
[Result "0-1"]
[WhiteTitle "GM"]
[BlackTitle "GM"]
[WhiteElo "2429"]
[BlackElo "2528"]
[WhiteFideId "10200010"]
[BlackFideId "7101384"]
[EventDate "2010.11.13"]

1. d4 d5 2. c4 c6 3. Nc3 Nf6 4. cxd5 cxd5 5. Bf4 Nc6 6. e3 a6 7. Bd3 Bg4 8. f3
Bd7 9. Nge2 e6 10. g4 Rc8 11. O-O Be7 12. Bg3 O-O 13. Rc1 Na5 14. b3 Ba3 15. Rc2
Qe7 16. Nb1 Bd6 17. Bxd6 Qxd6 18. g5 Nh5 19. f4 Rxc2 20. Qxc2 g6 21. Rc1 Rc8 22.
Qd2 Nc6 23. Nbc3 h6 24. gxh6 Nf6 25. Ng3 Ne7 26. Nce2 Qa3 27. Rxc8+ Nxc8 28. Kg2
Kh7 29. Ng1 Nd6 30. Nf3 Kxh6 31. f5 Nde4 32. Bxe4 dxe4 33. Ne5 exf5 34. Nxf7+
Kg7 35. Ne5 Be6 36. Ne2 Nd5 37. Nf4 Nxf4+ 38. exf4 e3 39. Qc2 Qa5 40. Kf3 Qe1
41. Qe2 Qh1+ 42. Kxe3 Qe4+ 43. Kd2 Qxf4+ 44. Kc3 Qc1+ 45. Qc2 Qg1 46. Qd2 Bd5
47. Kb2 b5 48. Nd7 g5 49. Nb6 Be4 50. Nc8 f4 51. d5 Qc5 52. d6 Qe5+ 53. Ka3 a5
54. Qxa5 Qc5+ 55. Qb4 Qc1# 0-1

[Event "16th Asian Games Rapid"]
[Site "Guangzhou CHN"]
[Date "2010.11.15"]
[Round "6"]
[White "Filippov, Anton"]
[Black "Mok, Tze-Meng"]
[Result "1-0"]
[WhiteTitle "GM"]
[BlackTitle "IM"]
[WhiteElo "2620"]
[BlackElo "2394"]
[WhiteFideId "14200988"]
[BlackFideId "5700329"]
[EventDate "2010.11.13"]

1. e4 g6 2. d4 Bg7 3. Nc3 c6 4. f4 d5 5. e5 h5 6. Nf3 Bg4 7. Be3 e6 8. h3 Bxf3
9. Qxf3 h4 10. Bd3 Ne7 11. O-O Nd7 12. b3 b5 13. Ne2 Nb6 14. Bf2 Bf8 15. Kh1 Qd7
16. Ng1 Nf5 17. c3 Be7 18. Qe2 Kf8 19. Nf3 Kg7 20. Rfb1 Rac8 21. Qe1 Qd8 22. a4
bxa4 23. bxa4 Rc7 24. a5 Nc4 25. Rb3 c5 26. Bxf5 gxf5 27. dxc5 a6 28. Rab1 Nxa5
29. Rb6 Bxc5 30. Bxc5 Rxc5 31. Rxa6 Nc4 32. Ra7 Rc7 33. Rxc7 Qxc7 34. Nxh4 Qe7
35. Qg3+ Kh6 36. Nf3 Kh7 37. Ng5+ Kh6 1-0

[Event "16th Asian Games Rapid"]
[Site "Guangzhou CHN"]
[Date "2010.11.15"]
[Round "6"]
[White "Tologontegin, Semetey"]
[Black "Al-Sayed, Mohammed"]
[Result "0-1"]
[WhiteTitle "FM"]
[BlackTitle "GM"]
[WhiteElo "2330"]
[BlackElo "2502"]
[WhiteFideId "13800574"]
[BlackFideId "12100196"]
[EventDate "2010.11.13"]

1. c4 d5 2. Nf3 c6 3. Qb3 Nf6 4. Qd1 Ng8 5. d4 Nf6 6. Qb3 dxc4 7. Qxc4 Bf5 8. g3
e6 9. Bg2 Nbd7 10. O-O Be7 11. e3 O-O 12. Rd1 Ne4 13. Qe2 Qc7 14. Ne1 e5 15. f3
Nef6 16. g4 Bxb1 17. Rxb1 exd4 18. Rxd4 Rfe8 19. Rd1 Bd6 20. Bh3 Nd5 21. Nd3 Qb6
22. Re1 Nc5 23. Kf1 Nc3 24. bxc3 Qxb1 25. Nxc5 Bxc5 26. e4 Qb5 27. c4 Qb6 28.
Bg5 h6 29. Bh4 Bd6 30. g5 Be7 31. Bf2 Qa5 32. gxh6 Qh5 33. Kg2 Qxh6 34. Rb1 Rad8
35. Rb2 Bf6 36. Rc2 Be5 37. Bxa7 Rd6 38. Bf2 Red8 39. Be1 c5 40. Qf1 Rd1 41. Qe2
R8d6 42. Qf1 Rg6+ 43. Kh1 Qxh3 0-1

[Event "16th Asian Games Rapid"]
[Site "Guangzhou CHN"]
[Date "2010.11.15"]
[Round "6"]
[White "Salem, A.R. Saleh"]
[Black "Ghaem Maghami, Ehsan"]
[Result "0-1"]
[WhiteTitle "GM"]
[BlackTitle "GM"]
[WhiteElo "2518"]
[BlackElo "2593"]
[WhiteFideId "9301348"]
[BlackFideId "12500739"]
[EventDate "2010.11.13"]

1. d4 Nf6 2. c4 e6 3. Nc3 Bb4 4. e3 c5 5. Bd3 d5 6. Nf3 O-O 7. O-O Nc6 8. a3 Ba5
9. h3 Re8 10. cxd5 exd5 11. dxc5 Bxc3 12. bxc3 Qa5 13. c4 dxc4 14. Bxc4 Qxc5 15.
Qb3 Qe7 16. Bd2 Ne4 0-1

[Event "16th Asian Games Rapid"]
[Site "Guangzhou CHN"]
[Date "2010.11.15"]
[Round "6"]
[White "So, Wesley"]
[Black "Gundavaa, Bayarsaikhan"]
[Result "1-0"]
[WhiteTitle "GM"]
[WhiteElo "2669"]
[BlackElo "2472"]
[WhiteFideId "5202213"]
[BlackFideId "4901045"]
[EventDate "2010.11.13"]

1. d4 Nf6 2. c4 e6 3. Nf3 d5 4. g3 Bb4+ 5. Bd2 Be7 6. Bg2 O-O 7. O-O c6 8. Qc2
b6 9. Rd1 Ba6 10. b3 Nbd7 11. Bf4 Rc8 12. Nc3 c5 13. e4 cxd4 14. exd5 exd5 15.
Nxd4 Bc5 16. cxd5 Ng4 17. h3 Qf6 18. Ne4 Qg6 19. Nxc5 Qxc2 20. Nxc2 Rxc5 1-0

[Event "16th Asian Games Rapid"]
[Site "Guangzhou CHN"]
[Date "2010.11.15"]
[Round "6"]
[White "Odeev, Handszar"]
[Black "Kojima, Shinya"]
[Result "1-0"]
[WhiteTitle "GM"]
[BlackTitle "FM"]
[WhiteElo "2405"]
[BlackElo "2329"]
[WhiteFideId "14000091"]
[BlackFideId "7000812"]
[EventDate "2010.11.13"]

1. e4 c5 2. Nf3 d6 3. Nc3 Nf6 4. d4 cxd4 5. Nxd4 g6 6. Be3 a6 7. Qd2 Ng4 8. Bg5
h6 9. Bh4 Bg7 10. f3 Ne5 11. f4 Nec6 12. Bf2 O-O 13. O-O-O Nxd4 14. Bxd4 Nc6 15.
Bxg7 Kxg7 16. h4 h5 17. Be2 Qa5 18. f5 Bd7 19. Bxh5 gxh5 20. Qg5+ Kh7 21. Qxh5+
Kg7 22. Rd5 Qb6 23. Rd3 Qf2 24. Rd5 Qb6 25. Rd3 Qf2 26. Qg5+ Kh7 27. Rg3 1-0

[Event "16th Asian Games Rapid"]
[Site "Guangzhou CHN"]
[Date "2010.11.15"]
[Round "6"]
[White "Mohammad, Samir"]
[Black "Alshoha, Basel"]
[Result "1/2-1/2"]
[WhiteTitle "FM"]
[WhiteElo "2361"]
[BlackElo "2106"]
[WhiteFideId "7600372"]
[BlackFideId "8101914"]
[EventDate "2010.11.13"]

1. Nf3 Nf6 2. c4 c5 3. g3 g6 4. Bg2 Bg7 5. O-O O-O 6. d4 cxd4 7. Nxd4 Nc6 8. Nc3
Qb6 9. Nb3 d6 10. Be3 Qc7 11. Rc1 Bf5 12. Nd5 Qd7 13. c5 Nxd5 14. Qxd5 Bxb2 15.
Rcd1 Rad8 16. cxd6 Qxd6 17. Qxd6 Rxd6 18. Bc5 Bf6 19. e4 Rxd1 20. Rxd1 Be6 21.
f4 Bg4 22. Rd3 Re8 23. e5 Bg7 24. Bxc6 bxc6 25. Na5 Bf5 26. Rd4 f6 27. Nxc6 fxe5
28. Nxe5 Bxe5 29. fxe5 a6 30. g4 Be6 31. a3 Kf7 32. Rf4+ Kg7 33. Rb4 g5 34. h3
Bd5 35. Rb6 Bc4 36. Kf2 Kf7 37. Be3 Rg8 38. Rc6 Bb5 39. Rh6 Bd3 40. Bd4 Bg6 41.
Be3 Ke6 42. Bxg5 Kxe5 43. h4 Rc8 44. h5 Rc2+ 45. Ke1 Bd3 46. Bxe7 Kf4 47. Re6
Kxg4 48. h6 Bb5 49. Bb4 Rh2 50. Kd1 Kf5 51. Rb6 Ke4 52. Rd6 Ke5 53. Rb6 Ke4 54.
Bd2 Ba4+ 55. Kc1 Bb5 56. a4 Bd3 57. Rb4+ Kd5 58. Be3 Rc2+ 59. Kd1 Rc4 60. Rxc4
Bxc4 61. Kc1 Bd3 62. Kd1 Bc4 63. a5 1/2-1/2

[Event "16th Asian Games Rapid"]
[Site "Guangzhou CHN"]
[Date "2010.11.15"]
[Round "6"]
[White "Modallal, Tarek"]
[Black "Nepali, Badrilal"]
[Result "0-1"]
[WhiteElo "2028"]
[BlackElo "2102"]
[WhiteFideId "5300630"]
[BlackFideId "12300020"]
[EventDate "2010.11.13"]

1. e4 c5 2. Nc3 e6 3. f4 Nc6 4. Nf3 d5 5. Bb5 d4 6. Bxc6+ bxc6 7. Ne2 d3 8. cxd3
Qxd3 9. Qa4 Qb5 10. Nc3 Qxa4 11. Nxa4 Nf6 12. Nc3 Ba6 13. h3 Be7 14. g4 Bd3 15.
Ne5 Bxe4 16. Nxe4 Nxe4 17. Nxc6 Bh4+ 18. Kf1 Ng3+ 19. Kg2 Nxh1 20. Kxh1 h5 21.
g5 f6 22. d3 fxg5 23. fxg5 O-O 24. Ne5 Rf1+ 25. Kg2 Raf8 0-1

[Event "16th Asian Games Rapid"]
[Site "Guangzhou CHN"]
[Date "2010.11.15"]
[Round "6"]
[White "Kasimdzhanov, Rustam"]
[Black "Ganguly, Surya Shekhar"]
[Result "1-0"]
[WhiteTitle "GM"]
[BlackTitle "GM"]
[WhiteElo "2685"]
[BlackElo "2644"]
[WhiteFideId "14200244"]
[BlackFideId "5002150"]
[EventDate "2010.11.13"]

1. c4 Nf6 2. Nc3 g6 3. g3 Bg7 4. Bg2 O-O 5. Nf3 d6 6. O-O e5 7. d3 c6 8. Rb1 a5
9. a3 Re8 10. Bg5 h6 11. Bxf6 Bxf6 12. Nd2 Bg7 13. Qc2 Be6 14. b4 axb4 15. axb4
Nd7 16. b5 Qc7 17. Rb2 Ra3 18. Rfb1 Nc5 19. Nde4 Nxe4 20. Nxe4 f5 21. bxc6 fxe4
22. cxb7 exd3 23. exd3 Rb8 24. Be4 Bh3 25. Qe2 Kh8 26. Rb5 Qf7 27. Rb6 Qc7 28.
Qb2 Ra7 29. Qb5 Ra2 30. Qb3 Rxf2 31. Kxf2 Qc5+ 32. Ke2 Bg4+ 33. Kd2 Qf2+ 34. Kc3
Qd4+ 35. Kc2 Qf2+ 36. Kc3 Qd4+ 37. Kc2 Qf2+ 38. Kc1 h5 39. Ra1 Bh6+ 40. Kb1 Qe1+
41. Ka2 Qa5+ 42. Kb2 Qd2+ 43. Qc2 Qe3 44. Rb5 Qd4+ 45. Qc3 Qf2+ 46. Kb3 Be3 47.
Ra8 Bd1+ 48. Ka3 Qf8 49. Rxb8 Qxb8 50. Ra5 Ba7 51. Qc1 Kg7 52. Qxd1 Qc7 53. Rxa7
Qc5+ 54. Kb2 Qd4+ 55. Kc2 Qxa7 56. Kd2 Qf2+ 57. Qe2 Qb6 58. Qe3 Qb2+ 59. Ke1
Qb1+ 60. Kf2 Qb2+ 61. Kg1 Qb1+ 62. Kg2 Qb2+ 63. Qf2 1-0

[Event "16th Asian Games Rapid"]
[Site "Guangzhou CHN"]
[Date "2010.11.15"]
[Round "6"]
[White "Al-Modiahki, Mohamad"]
[Black "Ni, Hua"]
[Result "0-1"]
[WhiteTitle "GM"]
[BlackTitle "GM"]
[WhiteElo "2562"]
[BlackElo "2633"]
[WhiteFideId "12100030"]
[BlackFideId "8601160"]
[EventDate "2010.11.13"]

1. e4 e5 2. Nf3 Nc6 3. Bb5 Nf6 4. O-O Nxe4 5. Re1 Nd6 6. Rf1 Ne4 7. Re1 Nd6 8.
Nxe5 Be7 9. Bf1 Nxe5 10. Rxe5 O-O 11. d4 Bf6 12. Re1 Nf5 13. c3 d5 14. Nd2 Nh4
15. g3 Ng6 16. Bd3 Re8 17. Rxe8+ Qxe8 18. Nf1 Be6 19. Qh5 Qd7 20. Ne3 c5 21. Nf5
Qe8 22. Ne3 Qd7 23. Nf5 cxd4 24. cxd4 Bxf5 25. Bxf5 Qb5 26. Be3 Qxb2 27. Rb1
Qxa2 28. Rxb7 Qc4 29. Qd1 a5 30. Qb1 a4 31. Rxf7 Kxf7 32. Bxg6+ hxg6 33. Qb7+
Be7 34. Qxa8 a3 35. h4 a2 36. Kg2 Qb3 37. Bc1 Bf8 38. g4 Kg8 39. h5 gxh5 40. g5
Qb1 41. Qxd5+ Kh7 42. Bb2 Qxb2 43. Qf5+ Kg8 44. Qd5+ Kh8 45. g6 Qe2 46. Qa8 Qg4+
47. Kf1 Qxg6 48. Qxa2 Qd3+ 49. Kg2 Qxd4 50. Qf7 Qg4+ 51. Kf1 Bc5 52. Qe8+ Kh7
53. Qe5 Bd4 54. Qd5 Bf6 55. f3 Qg5 56. Qe4+ Qg6 57. Qd5 h4 58. f4 h3 59. Qf3
Qg2+ 60. Qxg2 hxg2+ 61. Kxg2 Kg6 0-1